000 00589nam a2200241Ia 4500
003 OSt
005 20220912145748.0
006 a|||||r|||| 00| 0
007 ta
008 220909b |||||||| |||| 00| 0 eng d
024 _a75235
037 _cTextual
040 _aCSL
_beng
_cCSL
041 _aeng
082 _aLv1:N5, f5J6 CS
100 _aBettmann Otto L
245 0 _aPictorial history of medicine
260 _c1956
300 _ap.
_ccm.
650 _aMedicine
942 _hLv1:N5, f5J6 CS
_cTEXL
_2CC
999 _c37762
_d37762